[Event "GER-ch Net qual2 U25"]
[Site "Playchess.com INT"]
[Date "2009.05.13"]
[Round "5"]
[White "Alvermann, Christian"]
[Black "Foerschner, Lucas"]
[Result "0-1"]
[WhiteElo "1363"]
[BlackElo "1941"]
[PlyCount "44"]
[EventDate "2009.05.13"]
[EventType "swiss (blitz)"]
[EventRounds "7"]
[EventCountry "GER"]
[SourceTitle "CBM 130 Extra"]
[Source "ChessBase"]
[SourceDate "2009.07.02"]
[SourceVersion "2"]
[SourceVersionDate "2009.07.15"]
[SourceQuality "1"]

1. e4 c5 2. Nf3 e6 3. d4 cxd4 4. Nxd4 Nc6 5. Nc3 Qc7 6. g3 a6 7. Bg2 Nf6 8. 0-0 Be7 9. Re1 0-0 10. a4 b6 11. Be3 Bb7 12. Re2 Rac8 13. Nxc6 dxc6 14. Rd2 Rfd8 15. Qe2 Bb4 16. Rd3 a5 17. Bg5 Rxd3 18. Qxd3 Nd7 19. Rd1 Ne5 20. Qd8+ Rxd8 21. Rxd8+ Bf8 22. f4 f6 0-1

[Event "GER-ch Net qual2 U25"]
[Site "Playchess.com INT"]
[Date "2009.05.13"]
[Round "2"]
[White "Rudolf, Sebastian"]
[Black "Foerschner, Lucas"]
[Result "1-0"]
[WhiteElo "2162"]
[BlackElo "1941"]
[PlyCount "33"]
[EventDate "2009.05.13"]
[EventType "swiss (blitz)"]
[EventRounds "7"]
[EventCountry "GER"]
[SourceTitle "CBM 130 Extra"]
[Source "ChessBase"]
[SourceDate "2009.07.02"]
[SourceVersion "2"]
[SourceVersionDate "2009.07.15"]
[SourceQuality "1"]

1. e4 c5 2. Nf3 e6 3. d4 cxd4 4. Nxd4 Nc6 5. Nc3 Qc7 6. Nxc6 bxc6 7. Bd3 d5 8. 0-0 Nf6 9. Qe2 Be7 10. Bg5 0-0 11. e5 Ne8 12. Bxe7 Qxe7 13. Na4 c5 14. c4 d4 15. Qe4 f5 16. Qxa8 Bd7 17. Qxa7 1-0

[Event "GER-chT U16"]
[Site "Berlin"]
[Date "2005.12.28"]
[Round "3.4"]
[White "Belzner, Jonas"]
[Black "Foerschner, Lucas"]
[Result "1-0"]
[WhiteElo "1582"]
[BlackElo "1583"]
[PlyCount "49"]
[EventDate "2005.12.27"]
[EventType "team-swiss"]
[EventRounds "7"]
[EventCountry "GER"]
[SourceTitle "EXT 2022"]
[Source "ChessBase"]
[SourceDate "2021.10.06"]
[SourceVersion "1"]
[SourceVersionDate "2021.10.06"]
[SourceQuality "1"]
[WhiteTeam "Rommelshausen U16"]
[BlackTeam "Dresden USV TU U16"]
[WhiteTeamCountry "GER"]
[BlackTeamCountry "GER"]

1. d4 d5 2. Nf3 Nf6 3. e3 e6 4. Bd3 c5 5. b3 Nc6 6. 0-0 Bd7 7. Bb2 a6 8. Nbd2 b5 9. c4 dxc4 10. bxc4 b4 11. Nb3 cxd4 12. exd4 a5 13. Re1 Bd6 14. d5 Ne7 15. c5 Bxh2+ 16. Nxh2 Nexd5 17. Ng4 h5 18. Ne5 Qc7 19. Nxd7 Qxd7 20. Rc1 Qa7 21. Bb5+ Kf8 22. Be5 h4 23. Qf3 Rc8 24. Bd6+ Kg8 25. Nd2 1-0

[Event "GER-chT U12"]
[Site "Verden an der Aller"]
[Date "2002.12.29"]
[Round "6.2"]
[White "Jahner, Lukas"]
[Black "Foerschner, Lucas"]
[Result "1/2-1/2"]
[WhiteElo "1256"]
[BlackElo "1375"]
[PlyCount "66"]
[EventDate "2002.12.27"]
[EventType "team"]
[EventRounds "7"]
[EventCountry "GER"]
[SourceTitle "CBM 092 Extra"]
[Source "ChessBase"]
[SourceDate "2003.03.07"]
[SourceVersion "1"]
[SourceVersionDate "2003.03.07"]
[SourceQuality "1"]

1. d4 d5 2. c4 e6 3. Nc3 Nf6 4. Bg5 Be7 5. Nf3 Nbd7 6. e3 0-0 7. Bd3 dxc4 8. Bxc4 b6 9. 0-0 Bb7 10. Rc1 c5 11. dxc5 Nxc5 12. a3 Rc8 13. Qxd8 Rfxd8 14. Rfd1 Bxf3 15. Rxd8+ Bxd8 16. gxf3 Ncd7 17. Bb3 Ne5 18. Kg2 Ng6 19. Rc2 h6 20. Bxf6 Bxf6 21. Ne4 Rxc2 22. Nxf6+ gxf6 23. Bxc2 Kf8 24. f4 Ke7 25. Kf3 f5 26. b4 f6 27. Ke2 Kd6 28. Kd2 Nh4 29. Bd1 e5 30. fxe5+ fxe5 31. Kd3 b5 32. h3 Kc7 33. a4 a6 1/2-1/2

[Event "Sachsen-ch U12"]
[Site "Sebnitz"]
[Date "2002.04.04"]
[Round "2"]
[White "Foerschner, Lucas"]
[Black "Franke, Marcel"]
[Result "1-0"]
[WhiteElo "1300"]
[BlackElo "1311"]
[PlyCount "79"]
[EventDate "2002.04.??"]
[EventType "swiss"]
[EventRounds "7"]
[EventCountry "GER"]
[SourceTitle "EXT 2003"]
[Source "ChessBase"]
[SourceDate "2002.11.25"]
[SourceVersion "1"]
[SourceVersionDate "2002.11.25"]
[SourceQuality "1"]

1. e4 e5 2. Nf3 Nc6 3. Bc4 Bc5 4. Nc3 Nf6 5. d3 h6 6. Be3 Bb6 7. h3 d6 8. 0-0 Bd7 9. a3 0-0 10. Na4 Bd4 11. Bxd4 Nxd4 12. Nc3 Nc6 13. d4 exd4 14. Nxd4 Nxd4 15. Qxd4 Re8 16. Rfe1 Bc6 17. b4 a6 18. Rad1 Qd7 19. f4 Rad8 20. a4 b5 21. axb5 axb5 22. Bd3 Nh5 23. Qe3 Nf6 24. e5 dxe5 25. Bxb5 exf4 26. Rxd7 Bxd7 27. Qf2 Bxb5 28. Nxb5 c6 29. Rxe8+ Rxe8 30. Nd4 Rc8 31. Qxf4 Nd5 32. Qg4 Rc7 33. Nf5 f6 34. Nxh6+ Kh7 35. Nf5 Kg8 36. Qc4 Kh8 37. b5 Nb6 38. Qd4 Nd7 39. bxc6 Rxc6 40. Qxd7 1-0